书目信息 |
| 题名: |
斯大林文集
|
|
| 作者: | 斯大林 著 ;中共中央马恩列斯著作编译局 编译 | |
| 分册: | ||
| 出版信息: | 北京 人民出版社 1985 |
|
| 页数: | 690页 | |
| 开本: | 20cm | |
| 丛书名: | ||
| 单 册: | ||
| 中图分类: | A31 | |
| 科图分类: | ||
| 主题词: | 斯大林著作--文集 | |
| 电子资源: | ||
| ISBN: | ||
| 000 | 00778nam0 2200253 45 | |
| 001 | 0185000596 | |
| 005 | 20050516094654.5 | |
| 010 | @b精装@dCNY4.55 | |
| 091 | @a1001.1240 | |
| 100 | @a19901005d1985 kemy0chiy0121 ea | |
| 101 | 1 | @achi@crus |
| 102 | @aCN@b110000 | |
| 105 | @ac z 001yy | |
| 200 | 10 | @a斯大林文集@Asi da lin wen ji@e1934~1952@f斯大林著@FSi Da Lin Zhu@g中共中央马恩列斯著作编译局编译 |
| 210 | @a北京@c人民出版社@d1985 | |
| 215 | @a690页@c肖像@d20cm | |
| 517 | @a1934~1952 | |
| 606 | @a斯大林著作@x文集 | |
| 690 | @aA31@v3 | |
| 701 | 0 | @a斯大林@4著 |
| 712 | 02 | @a中共中央马恩列斯著作编译局@AZhong Gong Zhong Yang Ma En Lie Si Zhu ZuoBian Yi Ju@4编译 |
| 801 | 0 | @aCN@b深圳图书馆@c20031222 |
| 801 | 2 | @aCN@bNLC@c20031222 |
| 905 | @dA31@e7@f1@b156605 | |
| 斯大林文集:1934~1952/斯大林著/中共中央马恩列斯著作编译局编译.-北京:人民出版社,1985 |
| 690页:肖像;20cm |
| ISBN (精装):CNY4.55 |
| ● |
| 相关链接 |
|
|
|
|
正题名:斯大林文集
索取号:A31/7
 
预约/预借
| 序号 | 登录号 | 条形码 | 馆藏地/架位号 | 状态 | 备注 |
| 1 | 0156605 | 002046592 | 第一样本阅览室/ [索取号:A31/7] | 在馆 | |
| 2 | 0156606 | 001855264 | 密集书库/ [索取号:A31/7] | 在馆 |